| 000 | 02244nam0a2200373 4500 | ||
|---|---|---|---|
| 001 | RU\NLR\BIBL_A\022107521 | ||
| 005 | 20260405161248.0 | ||
| 010 |
_a978-5-94178-615-2 _91000 |
||
| 035 | _a(NLR Aleph) 022107521 | ||
| 090 |
_a13457772 _c13457772 |
||
| 100 | _a20240115d2022 u y0rusy50 ca | ||
| 101 | 0 | _arus | |
| 102 | _aRU | ||
| 105 | _aa j 000yy | ||
| 181 | 0 |
_ai _baxxe |
|
| 182 | 0 | _an | |
| 200 | 1 |
_aТеоретические основы электротехники. Основы теории электромагнитного поля _eучебное пособие для использования в учебном процессе образовательных организаций, реализующих программы СПО _fБоев С. Г., Давыдова С. В., Грунёва А. А. [и др.] _gпод общей редакцией кандидата технических наук, доцента С. А. Сергеева |
|
| 203 |
_aТекст _bвизуальный _cнепосредственный |
||
| 210 |
_aСтарый Оскол _cТНТ _d2022 [печ. 2021] |
||
| 215 |
_a207 с. _cил. _d21 |
||
| 300 | _aАвт. указаны на обороте тит. с. | ||
| 320 | _aБиблиогр.: с. 207 (9 назв.) | ||
| 517 | 1 | _aОсновы теории электромагнитного поля | |
| 606 | 1 |
_aЭлектромагнитное поле _jУчебные издания для среднего профессионального образования _xТеория _91981061 _3RU\NLR\AUTH\661194829 |
|
| 686 | 1 | _aВ33я723-1 | |
| 686 | 1 | _aВ313я723-1 | |
| 701 | 1 |
_aБоев _bС. Г. _gСергей Григорьевич |
|
| 701 | 1 |
_aДавыдова _bС. В. _cпреподаватель информатики _gСветлана Владимировна _3RU\NLR\AUTH\770274593 |
|
| 701 | 1 |
_aГрунёва _bА. А. _gАнна Александровна |
|
| 702 | 1 |
_4340 _8rus _7ca _aСергеев _bС. А. _cканд. техн. наук, автоматизация _gСергей Александрович _3RU\NLR\AUTH\7767774 _950702 |
|
| 942 | _cBOOK | ||
| 980 | _aNB | ||